| 000 | 00466nam a2200169Ia 4500 | ||
|---|---|---|---|
| 005 | 20250530161946.0 | ||
| 008 | 008 250505s9999 xx 000 0 eng d | ||
| 020 | _a9788119129683 | ||
| 040 |
_beng _cILCL |
||
| 041 |
_aeng _2eng |
||
| 084 | _aD65,8(B):Z2 R4 | ||
| 100 | _aSingh, Yatindera | ||
| 245 | 0 | _aInformation Technology Law | |
| 260 |
_aDelhi _bLaw and Justice Publishing Company _c2024 |
||
| 300 | _axxv,249p. | ||
| 942 |
_cTB _2Colon Classification |
||
| 999 |
_c1311971 _d1311971 |
||